000 00566nam a2200193 a 4500
005 20241130063749.0
008 991125s1978 mid 000 0 spa u
035 _aUPN01000008650
049 _aCG
050 4 _aLB2165
_bH4.2
100 1 _aHencke, David
245 1 0 _aColleges in crisis :
_bthere organization of teacher training 1971-7 /
_cDavid Hencke.
260 _aMiddlesex (Eng) :
_bPenguin Book,
_c1978.
300 _a140 p.
_e
440 0 _aPenguin education
650 2 _aCrisis educativa
_911432
650 4 _aOrganización escolar
_94178
905 _aLibro
999 _c8650
_d8650